Memoria indígena /
Zapisane w:
| 1. autor: | |
|---|---|
| Kolejni autorzy: | |
| Format: | Texto |
| Hasła przedmiotowe: | |
| Etykiety: |
Dodaj etykietę
Nie ma etykietki, Dołącz pierwszą etykiete!
|
MARC
| LEADER | 00000 a a2200000 04500 | ||
|---|---|---|---|
| 001 | 9583 | ||
| 003 | |||
| 040 | |||
| 100 | |a Brokaw, Galen | ||
| 245 | |a Memoria indígena / |c Galen Brokaw | ||
| 500 | |a Datos de edición: México, Taurus, 1999. 403 p | ||
| 650 | |a RESEÑAS BIBLIOGRAFICAS | ||
| 650 | |a HISTORIOGRAFIA | ||
| 650 | |a CULTURA TRADICIONAL | ||
| 700 | |a Florescano, Enrique |e reseñador | ||
| 773 | |g volumen 22, número 42; páginas 294-297 | ||
| 999 | |c 31908 |d 31908 | ||
